| 000 | 00353nam a22001577a 4500 | ||
|---|---|---|---|
| 003 | Macl | ||
| 005 | 20241024142711.0 | ||
| 008 | 241024b |||||||| |||| 00| 0 eng d | ||
| 040 | _cMacl | ||
| 082 | _a330 | ||
| 100 |
_aCorey pein _982931 |
||
| 245 | _aLive work work work die | ||
| 260 |
_aDelhi _bJaico _c2019 |
||
| 650 | _abusiness | ||
| 942 |
_2ddc _cBK |
||
| 999 |
_c67678 _d67678 |
||